Byzantina: epistēmoniko organo Kentru Byzantinōn Ereunōn Aristoteleiu Panepistēmiu = annual review of the centre for byzantine research Aristotle University of Thessaloniki
| Subtitles: | annual review of the centre for byzantine research Aristotle University of Thessaloniki epistēmonikon organon Kentru Byzantinōn Ereunōn Philosophikēs Scholēs Aristoteleiu Panepistēmiu |
|---|---|
| Corporate Author: | |
| Format: | Print Journal |
| Language: | English Multilingual |
| Subito Delivery Service: | Order now. |
| Check availability: | HBZ Gateway |
| WorldCat: | WorldCat |
| Interlibrary Loan: | Für eine Fernleihe wählen Sie bitte zuerst einen Band oder Aufsatz aus. |
| Published: |
Thessalonikē
Kentru Byzantinōn Ereunōn
1969-
|
| In: | Year: 1969 |
| Volumes / Articles: | Show volumes/articles. |
| Standardized Subjects / Keyword chains: | B
Byzantine studies
|
| Further subjects: | B
Journal
|
| Parallel Edition: | Electronic
|
MARC
| LEADER | 00000cas a2200000 c 4500 | ||
|---|---|---|---|
| 001 | 166707104 | ||
| 003 | DE-627 | ||
| 005 | 20250604120103.0 | ||
| 007 | tu | ||
| 008 | 941029c19699999gr z| p| 0 |0eng c | ||
| 016 | 7 | |a 011742631 |2 DE-101 | |
| 016 | 7 | |a 280421-9 |2 DE-600 | |
| 022 | |a 1105-0772 | ||
| 024 | 7 | |a 98800622 |2 swets | |
| 035 | |a (DE-627)166707104 | ||
| 035 | |a (DE-603)047450339 | ||
| 035 | |a (DE-576)015150984 | ||
| 035 | |a (DE-599)ZDB280421-9 | ||
| 035 | |a (OCoLC)183333442 | ||
| 040 | |a DE-627 |b ger |c DE-627 |e rakwb | ||
| 041 | |a eng |a mul | ||
| 044 | |c XA-GR | ||
| 082 | 0 | 4 | |a 880 |q DE-600 |
| 084 | |a 1 |a 6,15 |a 5,1 |2 ssgn | ||
| 084 | |a FA 1000 |2 rvk |0 (DE-625)rvk/29878: | ||
| 245 | 0 | 0 | |a Byzantina |b epistēmoniko organo Kentru Byzantinōn Ereunōn Aristoteleiu Panepistēmiu = annual review of the centre for byzantine research Aristotle University of Thessaloniki |
| 246 | 1 | |i Titelzusatz früher |a epistēmonikon organon Kentru Byzantinōn Ereunōn Philosophikēs Scholēs Aristoteleiu Panepistēmiu | |
| 246 | 3 | 1 | |a annual review of the centre for byzantine research Aristotle University of Thessaloniki |
| 264 | 3 | 1 | |a Thessalonikē |b Kentru Byzantinōn Ereunōn |c 1969- |
| 336 | |a Text |b txt |2 rdacontent | ||
| 337 | |a ohne Hilfsmittel zu benutzen |b n |2 rdamedia | ||
| 338 | |a Band |b nc |2 rdacarrier | ||
| 362 | 0 | |a 1.1969- | |
| 363 | 0 | 1 | |a 1 |i 1969 |
| 591 | |a 352! | ||
| 601 | |a Université | ||
| 601 | |a Thessaloniki | ||
| 655 | 7 | |a Zeitschrift |0 (DE-588)4067488-5 |0 (DE-627)10454466X |0 (DE-576)20917000X |2 gnd-content | |
| 689 | 0 | 0 | |d s |0 (DE-588)4147095-3 |0 (DE-627)104602996 |0 (DE-576)209754273 |2 gnd |a Byzantinistik |
| 689 | 0 | |5 DE-101 | |
| 710 | 2 | |e Herausgebendes Organ |0 (DE-588)75072-4 |0 (DE-627)101543808 |0 (DE-576)190494727 |4 isb |a Kentro Byzantinōn Ereunōn |g Thessaloniki | |
| 770 | 0 | 8 | |i Supplement |t Byzantina mnēmeia |d Thessalonikē : Kentron, 1974 |w (DE-627)166448524 |w (DE-600)193370-X |w (DE-576)014805847 |
| 770 | 0 | 8 | |i Supplement |t Byzantina keimena kai meletai |d Thessalonikē : Kentro Byzantinōn Ereunōn, 1970 |w (DE-627)167160079 |w (DE-600)420491-8 |w (DE-576)00476014X |x 1106-6180 |
| 776 | 0 | 8 | |i Erscheint auch als |n Online-Ausgabe |t Byzantina |d Thessalonike : [Verlag nicht ermittelbar], 1969 |h Online-Ressource |w (DE-627)726496545 |w (DE-600)2683175-2 |w (DE-576)371650674 |k Electronic |
| 889 | |w (DE-603)05210446X | ||
| 935 | |a mteo | ||
| 936 | r | v | |a FA 1000 |b Zeitschriften |k Klassische Philologie. Byzantinistik. Mittellateinische und Neugriechische Philologie. Neulatein |k Zeitschriften |0 (DE-627)1273663845 |0 (DE-625)rvk/29878: |0 (DE-576)203663845 |
| 951 | |a JT | ||
| BIB | |a 1 |c 1 | ||
| ELC | |b 1 | ||
| ITA | |a 1 |t 1 | ||
| LOK | |0 000 xxxxxcy a22 3n 4500 | ||
| LOK | |0 001 2114838331 | ||
| LOK | |0 003 DE-627 | ||
| LOK | |0 004 166707104 | ||
| LOK | |0 005 20160809093310 | ||
| LOK | |0 008 880929||||||||||||||||ger||||||| | ||
| LOK | |0 035 |a (DE-600)021409390 | ||
| LOK | |0 040 |a DE-21 |c DE-627 |d DE-21 | ||
| LOK | |0 092 |o l |u 030 | ||
| LOK | |0 852 |8 1 | ||
| LOK | |0 852 |a DE-21 | ||
| LOK | |0 852 1 |c ZA 2454 |9 00 | ||
| LOK | |0 85900 |8 1.1 |a 1 |i 1969 | ||
| LOK | |0 85910 |8 1.2 |a 31 |i 2011 | ||
| LOK | |0 86630 |a 1.1969 - 31.2011 | ||
| LOK | |0 866 0 |z ZLS-WZ | ||
| LOK | |0 939 |a 08-12-99 |b z01 | ||
| LOK | |0 000 xxxxxcx a22 zn 4500 | ||
| LOK | |0 001 2114838358 | ||
| LOK | |0 003 DE-627 | ||
| LOK | |0 004 166707104 | ||
| LOK | |0 005 20100408034611 | ||
| LOK | |0 008 990325||||||||||||||||ger||||||| | ||
| LOK | |0 040 |a DE-21-31 |c DE-627 |d DE-21-31 | ||
| LOK | |0 541 |e 99/500 | ||
| LOK | |0 852 |z Bestand: 4.1972 - 12.1983 | ||
| LOK | |0 852 |a DE-21-31 | ||
| LOK | |0 852 1 |c Xa I a 2 |m p |9 00 | ||
| LOK | |0 938 |k p | ||
| LOK | |0 939 |a 25-03-99 |b l01 | ||
| ORI | |a SA-MARC-ixtheoa001.raw | ||
| REL | |a 1 |c 1 | ||
| SPR | |a 1 |t BIB |t IXT |t REL | ||
| STA | 0 | 0 | |a Byzantine studies |
| STB | 0 | 0 | |a Études byzantines |
| STC | 0 | 0 | |a Bizantinística |
| STD | 0 | 0 | |a Bizantinistica |
| STE | 0 | 0 | |a 拜占庭研究 |
| STF | 0 | 0 | |a 拜占庭研究 |
| STG | 0 | 0 | |a Bizantinística |
| STH | 0 | 0 | |a Византинистика |
| STI | 0 | 0 | |a Βυζαντινολογία |
| SYG | 0 | 0 | |a Byzantinologie |



